| 000 | 00577nam a2200241 a 4500 | ||
|---|---|---|---|
| 001 | nice12345678 | ||
| 003 | IN_TiNIC | ||
| 005 | 20260116012703.0 | ||
| 008 | 050524s1967 dela grp 000 0 urd | ||
| 020 |
_a _c6 |
||
| 082 | 0 | 0 |
_a297.7 _bMAU1 |
| 100 | _aMaudooi, Abul Aala | ||
| 245 | _aKhilafat-O-Mulukiyat | ||
| 260 |
_aDelhi _bMarkazi Maktaba Jamat-E-Islami _c1967 |
||
| 300 | _a351p | ||
| 500 | _aincludes index and biblioraphy | ||
| 505 | 2 | _aMaps | |
| 650 | _aDawah-Islam | ||
| 700 | 1 | _aMaudooi, Abul Aala | |
| 902 | _bSRS | ||
| 942 | _cBK | ||
| 999 |
_c7955 _d7955 |
||